000 00393cam a2200157ua 4500
041 _aeng
_h
082 _a004
_bGUT/TH
100 _aGutenmacher, L .
245 _aThinking machines /
_cL Gutenmacher.
_hTextual Documents
250 _a1 /
_b.
260 _aMoscow :
_bForeign Language Publishing House ,
_c1990.
300 _a186 ; .
504 _a
942 _cBK
999 _c10873
_d10873